• 首页
  • 本馆介绍
  • 公告通知
  • 最新文献
  • 馆藏检索
  • 电子资源
  • 读者导购
  • 参考咨询
  • 我的图书馆
  • 登录
  • 详细信息显示
  • 放入我的书架
  • 预约/预借图书
  • 作者相关作品
  • 分类相关作品
  • 丛书相关作品
  • 出版社相关作品

书目信息

  • 表格格式
  • 工作单格式
  • 卡片格式
题名:
天平之甍
    
 
作者: 井上靖 著 ;楼适夷 译
分册:  
出版信息: 北京   人民文学出版社  1980
页数: 115页
开本: 21cm
丛书名:
单 册:
中图分类: I313.45 , I313.4
科图分类:
主题词: 小说--日本--现代 , 文学
电子资源:
ISBN:
000 00725nam0 2200277 45
001 0180007478
005 20040409104943.0
010    @dCNY0.40
091    @a10019.2893
100    @a19950314d1980 em y0chiy0121 ea
101 1  @achi@cjpn
102    @aCN@b110000
105    @ay z 000ay
106    @ar
200 10 @a天平之甍@Atian ping zhi meng@f(日)井上靖著@g楼适夷译
210    @a北京@c人民文学出版社@d1980
215    @a115页@d21cm
606    @a小说@y日本@z现代
606 0  @a文学
690    @aI313.45@v3
690    @aI313.4
701  0 @a井上靖@Ajing shang jing@4著
702  0 @a楼适夷@Alou shi yi@4译
801  0 @aCN@b上海图书馆@c20040409
801  2 @aCN@bNLC@c20040409
905    @dI313.4@e18@b75211-214@f4
    
    天平之甍/(日)井上靖著/楼适夷译.-北京:人民文学出版社,1980
    115页;21cm
    
    
    ISBN :CNY0.40
    
●
相关链接 在E读中查询图书 在五车中查询图书 在当当中查询图书 在豆瓣中查询图书


正题名:天平之甍     索取号:I313.4/18         预约/预借

序号 登录号 条形码 馆藏地/架位号 状态 备注
1 0075211   000737885   密集书库/ [索取号:I313.4/18] 在馆    
2 0075212   000737901   密集书库/ [索取号:I313.4/18] 在馆    
3 0075213   000737867   密集书库/ [索取号:I313.4/18] 在馆    
4 0075214   000737894   第二借阅区/ [索取号:I313.4/18] 在馆    
5 0075215   000737876   第一样本阅览室/ [索取号:I313.4/18] 在馆    
唐山师范学院图书馆 欢迎您!
大连网信软件有限公司© 版权所有